| 000 | 00000nam 2200000za 4500 |
| 001 | 9.674413 |
| 003 | CaOODSP |
| 005 | 20210624224736 |
| 007 | cr ||||||||||| |
| 008 | 150407s2005 xxc|||||o f|0| 0 eng d |
| 020 | |a0-662-68860-0 |
| 040 | |aCaOODSP|beng |
| 041 | |aeng |
| 041 | |afre |
| 041 | |amis |
| 043 | |an-cn--- |
| 086 | 1 |aS53-36/2005-PDF |
| 110 | 1 |aCanada. |bPublic Works and Government Services Canada. |bTranslation Bureau. |
| 245 | 10|aPan-African glossary of sports |h[electronic resource]. |
| 246 | 13|aKamus (gama-Afirka) na Wasannin ; Maloba ma masano na Afrika ; Afiriki Farikolonenaje denegafe ; Msamiati wa kiafrika yote wa michezo |
| 260 | |aOttawa : |bPublic Works and Government Services Canada, |c2005. |
| 300 | |a251 p. |
| 500 | |aLogo on cover: Agence intergouvernementale de la francophonie. "...consists of 300 terms -- 118 terms for track and field, 89 terms for boxing and 93 terms for football (soccer) -- in French, Hausa, Lingala, Manden and Swahili, with English as the reference language." -- Foreword. |
| 504 | |aBibliography. |
| 546 | |aText in English, French, Hausa, Lingala, Manden and Swahili. |
| 590 | |a06-10|b2006-03-10 |
| 792 | |tLexique panafricain des sports |efre|w(CaOODSP)9.674414 |
| 856 | 40|ahttp://publications.gc.ca|qPDF|s1.74 MB|uhttps://publications.gc.ca/collections/Collection/S53-36-2005.pdf |